[Event "BOL-ch"]
[Site "Santa Cruz"]
[Date "2025.04.04"]
[Round "6"]
[White "Monroy Garzon, Javier A"]
[Black "Tapia, Mauricio"]
[Result "1-0"]
[WhiteElo "1973"]
[BlackElo "1894"]
[PlyCount "85"]
[EventDate "2025.04.01"]
[EventType "tourn"]
[EventRounds "9"]
[EventCountry "BOL"]
[SourceTitle "CB18_2025"]
[SourceDate "2025.04.30"]
[SourceVersion "1"]
[SourceVersionDate "2025.04.30"]
[SourceQuality "1"]

1. d4 d5 2. Nf3 Nf6 3. e3 Bf5 4. c4 c6 5. cxd5 cxd5 6. Qb3 Qb6 7. Qxb6 axb6 8. Nc3 e6 9. Bb5+ Nc6 10. Ne5 Rc8 11. 0-0 Bd6 12. Na4 Bxe5 13. Nxb6 Bc7 14. Nxc8 Kd8 15. Bxc6 bxc6 16. Na7 Kd7 17. Nxc6 Kxc6 18. Bd2 Bd6 19. Rfc1+ Kb7 20. f3 h5 21. Rc3 Rc8 22. Rac1 Rxc3 23. Rxc3 Bb1 24. a3 Nd7 25. Rc1 Bf5 26. Ba5 g5 27. b4 g4 28. b5 gxf3 29. gxf3 h4 30. Rc6 Bb8 31. Bd8 h3 32. f4 Bd3 33. a4 Nf8 34. Kf2 Ng6 35. Kg3 Bf1 36. a5 Nf8 37. a6+ Ka8 38. Rb6 Ng6 39. Rb7 e5 40. dxe5 Nxe5 41. fxe5 Bxe5+ 42. Kf2 Bg2 43. Bc7 1-0

[Event "BOL-ch"]
[Site "Santa Cruz"]
[Date "2025.04.03"]
[Round "5"]
[White "Mayta Aiza, Maveric"]
[Black "Monroy Garzon, Javier A"]
[Result "1-0"]
[WhiteElo "2216"]
[BlackElo "1973"]
[PlyCount "109"]
[EventDate "2025.04.01"]
[EventType "tourn"]
[EventRounds "9"]
[EventCountry "BOL"]
[SourceTitle "CB18_2025"]
[SourceDate "2025.04.30"]
[SourceVersion "1"]
[SourceVersionDate "2025.04.30"]
[SourceQuality "1"]

1. e4 e6 2. d4 d5 3. Nc3 Bb4 4. e5 c5 5. a3 Bxc3+ 6. bxc3 Ne7 7. Nf3 Nbc6 8. Bd3 Qa5 9. Bd2 c4 10. Be2 Bd7 11. 0-0 0-0-0 12. Ng5 Rdf8 13. f4 f6 14. Nf3 b5 15. a4 bxa4 16. Qc1 Kd8 17. Qe1 Kc7 18. Bc1 Rb8 19. Ba3 Nc8 20. f5 exf5 21. Qg3 fxe5 22. Nxe5 Nxe5 23. Qxe5+ Kb7 24. Bb4 Qb5 25. Rab1 Nb6 26. Bd6 Qc6 27. Bf3 Rbe8 28. Bxd5 Rxe5 29. Bxc6+ Bxc6 30. dxe5 Be4 31. Rb2 Kc6 32. Rd1 Nd5 33. Rd4 Nb6 34. e6 Re8 35. e7 Bd5 36. Ba3 Nd7 37. Rb1 Nf6 38. Rbd1 g5 39. g3 Rg8 40. Rf1 f4 41. Re1 f3 42. Re5 Rb8 43. Kf2 Re8 44. h3 h5 45. Ke3 g4 46. h4 Ne4 47. Rexe4 Bxe4 48. Rxc4+ Kd7 49. Rd4+ Ke6 50. Rxe4+ Kd7 51. Rd4+ Ke6 52. Rd8 Kf7 53. Kf2 a6 54. Ke3 a5 55. Kf2 1-0

[Event "Cusco zt 2.4"]
[Site "Cusco"]
[Date "2025.02.01"]
[Round "8"]
[White "Villaverde Salas, Gonzalo Matias"]
[Black "Monroy Garzon, Javier A"]
[Result "0-1"]
[WhiteElo "1832"]
[BlackElo "1954"]
[PlyCount "76"]
[EventDate "2025.01.28"]
[EventType "swiss"]
[EventRounds "9"]
[EventCountry "PER"]
[SourceTitle "CB06_2025"]
[SourceDate "2025.02.05"]
[SourceVersion "1"]
[SourceVersionDate "2025.02.05"]
[SourceQuality "1"]

1. e4 g6 2. d4 Bg7 3. Nc3 c6 4. Be3 d5 5. e5 Qb6 6. Na4 Qa5+ 7. c3 Nd7 8. b4 Qc7 9. Bd3 a5 10. a3 b5 11. Nb2 Nb6 12. Ne2 Nc4 13. Nxc4 bxc4 14. Bc2 Nh6 15. Qc1 Nf5 16. Bf4 Be6 17. 0-0 0-0 18. g4 Nh4 19. f3 axb4 20. axb4 Rxa1 21. Qxa1 h6 22. Bg3 g5 23. Bxh4 gxh4 24. Qe1 f6 25. Qxh4 fxe5 26. g5 exd4 27. cxd4 Bf5 28. Bxf5 Rxf5 29. gxh6 Bf6 30. Qh3 Rg5+ 31. Kf2 Qd6 32. Rg1 Kh7 33. Rg2 Rxg2+ 34. Kxg2 Bg5 35. Ng3 c3 36. f4 Qxf4 37. Qe6 c2 38. Nf5 Qe4+ 0-1